000 02171cam a2200349 4500500
005 20251228051229.0
041 _afre
042 _adc
100 1 0 _aRestivo-Martin, Anaïs
_eauthor
700 1 0 _aLinde, Elysé
_eauthor
245 0 0 _aIntrication traumatique : plongée dans les méandres institutionnels et remise en circulation des affects gelés
260 _c2015.
500 _a31
520 _aLes auteurs abordent le travail institutionnel en amont et en aval d’un événement traumatique majeur pour un établissement et une équipe soignante, à savoir le suicide d’une patiente au cours d’une hospitalisation. Ils tenteront de comprendre sur quel terreau institutionnel ce passage à l’acte effractant est arrivé ; essaieront d’ouvrir des voies élaboratives pour se dégager de la violence mortifère qui peut mettre gravement à mal l’idéal soignant, et pour travailler à restaurer une parole vivante qui soit au cœur de la dynamique institutionnelle quotidienne.
520 _aTraumatic intrication : getting lost in the institutional maze and recirculation of the frozen affectsThe authors develop the institutional work before and after a major traumatic event for the institution and its caregivers, which is the suicide of a patient during her hospitalization. They will try to understand how this acting out occurred and open elaborative pathways to disengage from the murderous violence which can deeply hurt the caregiving ideal. The authors therefore work on renewing the speech in order for it to be in the centre of the daily institutional dynamic.
690 _afantasme meurtrier
690 _aidéal soignant
690 _ainstitution
690 _asuicide
690 _atraumatisme
690 _atravail en équipe
690 _aviolence
690 _acaregiving ideal
690 _ainstitution
690 _amurderous fantasy
690 _asuicide
690 _ateamwork
690 _atrauma
690 _aviolence
786 0 _nCliniques | 9 | 1 | 2015-03-03 | p. 188-205 | 2115-8177
856 4 1 _uhttps://shs.cairn.info/revue-cliniques-2015-1-page-188?lang=fr&redirect-ssocas=7080
999 _c1581461
_d1581461